[Event "XVII Juros Svente 2020-A"]
[Site "Klaipeda"]
[Date "2020.07.24"]
[Round "5.12"]
[White "Scekaciov, Rostislav"]
[Black "Ullrich, Karol"]
[Result "1/2-1/2"]
[WhiteElo "1458"]
[BlackElo "1404"]
[Annotator "NA RC"]
[PlyCount "101"]
[EventDate "2020.07.20"]
[EventType "tourn"]
[EventCountry "LTU"]
[SourceTitle "playchess.com"]
[Source "ChessBase"]
[SourceQuality "1"]
[TimeControl "40/5400+30:1800+30"]

1. Nf3 {[%emt 0:06:09]} d5 {[%emt 0:00:00]} 2. g3 {[%emt 0:00:49]} Nf6 {[%emt 0:00:00]} 3. Bg2 {[%emt 0:00:21]} Bg4 {[%emt 0:00:58]} 4. O-O {[%emt 0:00:35]} e6 {[%emt 0:00:14]} 5. d3 {[%emt 0:01:40]} Bd6 {[%emt 0:01:06]} 6. Nbd2 {[%emt 0:00:28]} O-O {[%emt 0:00:25]} 7. Re1 {[%emt 0:00:20]} Re8 {[%emt 0:02:12]} 8. e4 {[%emt 0:00:16]} dxe4 {[%emt 0:00:51]} 9. dxe4 {[%emt 0:00:19]} Nc6 {[%emt 0:00:17]} 10. h3 {[%emt 0:00:43]} Bxf3 {[%emt 0:00:29]} 11. Nxf3 {[%emt 0:00:03]} e5 {[%emt 0:00:31]} 12. c3 {[%emt 0:01:07]} h6 {[%emt 0:02:32]} 13. Qc2 {[%emt 0:02:38]} Qe7 {[%emt 0:00:37]} 14. Nh4 {[%emt 0:01:41]} Rad8 {[%emt 0:04:05]} 15. Nf5 {[%emt 0:01:33]} Qe6 {[%emt 0:01:00]} 16. Be3 {[%emt 0:01:45]} Ne7 {[%emt 0:07:28]} 17. Nxd6 {[%emt 0:00:36]} Rxd6 {[%emt 0:01:29]} 18. Red1 {[%emt 0:00:38]} Red8 {[%emt 0:01:27]} 19. b3 {[%emt 0:00:32]} Rxd1+ {[%emt 0:04:08]} 20. Rxd1 {[%emt 0:00:07]} Rxd1+ {[%emt 0:05:00]} 21. Qxd1 {[%emt 0:00:07]} Nc6 {[%emt 0:00:26]} 22. Qd3 {[%emt 0:01:54]} Qe7 {[%emt 0:00:46]} 23. Qb5 {[%emt 0:02:07]} Nd8 {[%emt 0:04:13]} 24. Bc5 {[%emt 0:01:55]} Qe6 {[%emt 0:01:01]} 25. Be3 {[%emt 0:02:28]} Qd6 {[%emt 0:00:42]} 26. Qc5 {[%emt 0:03:29]} Qxc5 {[%emt 0:09:18]} 27. Bxc5 Nc6 {[%emt 0:00:23]} 28. Be3 {[%emt 0:01:36]} Nd7 {[%emt 0:01:46]} 29. Bf1 {[%emt 0:00:28]} a6 {[%emt 0:00:27]} 30. Kg2 {[%emt 0:01:05]} Kf8 {[%emt 0:00:50]} 31. f4 {[%emt 0:00:10]} Ke7 {[%emt 0:00:30]} 32. Kf3 {[%emt 0:00:11]} Kf6 {[%emt 0:01:19]} 33. f5 {[%emt 0:01:57]} h5 {[%emt 0:01:44]} 34. g4 {[%emt 0:00:23]} hxg4+ {[%emt 0:00:32]} 35. hxg4 {[%emt 0:00:03]} g6 {[%emt 0:00:25]} 36. g5+ {[%emt 0:00:26]} Ke7 {[%emt 0:01:03]} 37. f6+ {[%emt 0:00:27]} Kd6 {[%emt 0:01:12]} 38. a4 {[%emt 0:01:46]} Nd8 {[%emt 0:00:31]} 39. b4 {[%emt 0:01:58]} c6 {[%emt 0:02:10]} 40. Bc4 {[%emt 0:02:34]} Kc7 {[%emt 0:05:02]} 41. Bc5 {[%emt 0:30:54]} Nxc5 {[%emt 0:30:13]} 42. bxc5 {[%emt 0:00:19]} a5 {[%emt 0:03:03]} 43. Ke3 {[%emt 0:01:26]} Kd7 {[%emt 0:00:51]} 44. Kd3 {[%emt 0:01:25]} Ne6 {[%emt 0:00:24]} 45. Bxe6+ {[%emt 0:00:04]} Kxe6 {[%emt 0:00:07]} 46. c4 {[%emt 0:00:07]} Kd7 {[%emt 0:00:20]} 47. Kc3 {[%emt 0:00:09]} Kc7 {[%emt 0:00:08]} 48. Kb3 {[%emt 0:00:32]} b6 {[%emt 0:01:14]} 49. cxb6+ {[%emt 0:00:03]} Kxb6 {[%emt 0:00:09]} 50. Kc2 {[%emt 0:00:06]} c5 {[%emt 0:00:11]} 51. Kd3 1/2-1/2

[Event "XVII Juros Svente 2020-A"]
[Site "Klaipeda"]
[Date "2020.07.25"]
[Round "6.1"]
[White "Laurusas, Tomas"]
[Black "Salna, Aleksandras"]
[Result "1-0"]
[WhiteElo "2511"]
[BlackElo "2063"]
[Annotator "TA"]
[PlyCount "149"]
[EventDate "2020.07.20"]
[EventType "tourn"]
[EventCountry "LTU"]
[SourceTitle "playchess.com"]
[Source "ChessBase"]
[SourceQuality "1"]

{[%evp 9,149,5,7,7,16,13,20,0,4,0,0,0,2,-3,10,0,0,0,13,15,20,-30,-23,-55,-55,-65,-57,-61,-61,-80,-75,-79,-72,-106,-107,-180,-181,-204,-190,-166,-134,-139,-139,-141,-131,-125,-125,-109,-66,-72,-65,-65,-65,-76,-14,-47,0,0,-11,-8,0,0,0,0,0,0,0,0,145,144,239,206,441,441,441,90,78,25,25,25,28,25,33,0,0,0,0,0,0,0,0,0,0,0,52,0,52,52,52,52,52,52,52,52,52,52,52,52,52,28,28,28,28,28,28,28,28,28,28,28,28,28,28,8,8,8,8,8,8,8,8,8,29964,29965,29960,29966,29966,29967,29967,29970,29966,29969]} 1. d4 d5 2. c4 c6 3. Nf3 Nf6 4. Qc2 g6 5. Bf4 dxc4 6. Qxc4 {D11: Slav Defence: 3 Nf3 sidelines and 3...Nf6 4 e3 Bg4.} Qb6 (6... Bg7 {feels hotter.} 7. Nc3 Nd5 8. Bg3 Bf5 9. e4 Nxc3 10. exf5 Ne4) 7. Qc1 (7. Nc3 {looks sharper.} Bf5 8. Na4 Qa5+ 9. Bd2 Qc7 10. Nc3) 7... Bg4 8. Nbd2 {[#] The position is equal.} Bg7 $146 ({Predecessor:} 8... Bxf3 9. Nxf3 Nbd7 10. g3 Bg7 11. Bh3 h6 12. Be3 Rd8 13. O-O Nd5 14. Bd2 Bxd4 15. Nxd4 Qxd4 {1-0 (83) Burmakin,V (2575)-Balinov,I (2445) Graz 1999}) 9. e3 Nbd7 10. Nc4 Qd8 11. Be2 O-O 12. h3 Be6 13. O-O c5 14. dxc5 Rc8 15. b4 Nd5 16. Rb1 Nc3 17. Re1 Nxb1 18. Qxb1 b6 19. Rd1 bxc5 20. b5 Qe8 21. Na5 Nb6 $1 {[%cal Bd7b6,Bb6a4,Ba4c3,Bc3e2][%mdl 32] Threatens to win with ...Na4.} 22. Qe4 (22. Be5 $17) 22... Bd7 $19 23. a4 Bf5 24. Qb7 {With the idea Nc6.} Nxa4 25. Nc6 {[#]} Rxc6 $1 26. bxc6 {next c7 is good for White.} Nc3 {[%mdl 64] Double Attack} 27. Rd2 Nxe2+ 28. Rxe2 Be4 29. Ne5 Bxe5 30. Bxe5 f6 31. Bb2 c4 (31... Bxc6 $17 32. Qxa7 Qd8 33. Qa2+ Bd5) 32. f3 Qxc6 33. Qxe7 Bd3 34. Re1 $1 a5 35. Bc3 $40 {[%mdl 128] White is up to no good.} a4 36. Ra1 Bc2 37. Ra2 Re8 38. Qb4 Bd1 (38... Bb3 $11 {keeps the balance.} 39. Rd2 Rxe3) 39. Rd2 $16 Bxf3 (39... Bb3 $16) 40. gxf3 $18 {Hoping for e4.} Qxf3 $2 (40... Rxe3 41. Rd8+ Re8 42. Rxe8+ Qxe8 43. Bxf6 Qe2) 41. Qxc4+ Kf8 42. Bb4+ $2 (42. Qc7 $1 $18 Kg8 43. Rf2 Qxh3 44. Bxf6 Qg4+ 45. Kh2 (45. Rg2 Qd1+ 46. Kh2 Qh5+ 47. Kg1 Qd1+ 48. Kf2 Qd2+ {[%mdl 64] Double Attack} 49. Kg1 Qd1+ $11) 45... Qh5+ 46. Kg3 Rxe3+ 47. Kf4 Rf3+ 48. Rxf3 Qh2+ 49. Rg3 Qf2+ 50. Ke4 Qxf6 51. Qc8+ Kg7 52. Qd7+ Qf7 53. Qxf7+ Kxf7 54. Kf4) 42... Kg7 $16 43. Qc7+ (43. Bc5 $16 Qg3+ 44. Rg2 Qxh3 45. Qxa4) 43... Kg8 $1 $11 44. Bc5 Qxh3 45. Qf4 Qc8 46. Rd5 Re5 47. Qc4 {White wants to mate with Rd8+!} Kg7 {Threatening ...Qe6.} 48. Rxe5 fxe5 49. Qb4 g5 50. Bd6 Qc1+ 51. Kf2 {Strongly threatening Qb7+.} Kf6 (51... Qc2+ $11 52. Kg3 Qf5) 52. Bf8 ({Better is} 52. Be7+ $14 Kg7 53. Bxg5 Qc2+ 54. Kg3) 52... Kf5 (52... Qc6 $11) 53. Qxa4 $14 {Black must now prevent Qd7+.} Qd2+ 54. Kf3 Qd3 55. Qg4+ Kf6 56. Kf2 Qd2+ 57. Qe2 Qxe2+ 58. Kxe2 {[%mdl 4096] Endgame aiming for Kf3. KB-K3P} Kf5 59. Be7 Kg4 60. Bd6 e4 61. Be7 $1 Kh4 62. Kf2 Kg4 63. Kg2 Kh4 64. Bd6 Kg4 65. Bg3 h5 66. Be1 h4 67. Bd2 h3+ $1 68. Kf2 h2 69. Kg2 h1=Q+ 70. Kxh1 Kf3 $2 {[%mdl 8192] [#]} (70... Kg3 $11) 71. Kg1 $1 {White mates.} Ke2 72. Bc1 Kf3 {[#]} 73. Kf1 $1 g4 74. Kg1 g3 75. Kf1 {Both players deserved the win here. Accuracy: White = 80%, Black = 80%.} 1-0

[Event "XVII Juros Svente 2020-A"]
[Site "Klaipeda"]
[Date "2020.07.25"]
[Round "6.2"]
[White "Stremavicius, Pijus"]
[Black "Juksta, Karolis"]
[Result "0-1"]
[WhiteElo "2163"]
[BlackElo "2366"]
[Annotator "TA"]
[PlyCount "80"]
[EventDate "2020.07.20"]
[EventType "tourn"]
[EventCountry "LTU"]
[SourceTitle "playchess.com"]
[Source "ChessBase"]
[SourceQuality "1"]

{[%evp 9,80,0,0,-35,0,0,14,10,0,-87,-94,-116,-91,-116,-61,-224,-130,-147,-153,-164,-121,-173,-159,-218,-214,-212,-175,-170,-120,-139,-49,-27,-35,-53,-58,-53,-56,-83,-29,-39,-37,-85,-88,-101,-80,-118,-91,-99,-91,-116,-89,-141,-141,-181,-165,-175,-175,-187,-184,-238,-238,-250,-241,-363,-363,-356,-363,-1240,-1185,-2024,-1836,-29990,-29991]} 1. Nf3 d5 2. c4 d4 3. b4 f6 4. e3 e5 5. c5 a5 6. Qa4+ {A09: Réti Opening: 1 Nf3 d5 2 c4.} Bd7 (6... Qd7 $5 {[%cal Rd7a4]} 7. b5 Bxc5 $15) 7. b5 $1 Bxc5 8. Bc4 {And now Bxg8 would win.The position is equal.} Ne7 9. Ba3 {[#]} (9. exd4 $1 $11 exd4 10. Ba3) 9... Bxa3 $146 ({Predecessor:} 9... Na6 10. O-O Nb4 11. exd4 exd4 12. d3 Bf5 13. Qb3 Qd6 14. Re1 O-O-O 15. Nbd2 Nbd5 16. Bxd5 Nxd5 {1-0 (33) Vitenberg,N (2276)-Gjestemoen Vonhirsch,A (1999) Kragero 2020}) 10. Qxa3 Bg4 $36 {[%mdl 2048] Black is on the roll.} 11. O-O Nd7 (11... Bxf3 $17 12. gxf3 Nd7) 12. Qb3 $2 ({White should play} 12. Be2 $1 $15) 12... Nb6 ({Better is} 12... Bxf3 $19 13. gxf3 Nc5 14. Bf7+ Kf8) 13. Bf7+ Kf8 {White must now prevent ...a4.} 14. a4 g6 15. Be6 (15. Rc1 $17) 15... h5 $19 16. Re1 (16. e4 $17) 16... Qd6 17. Bc4 Nxc4 18. Qxc4 {[%cal Re3d4]} Be6 19. Qc2 Kf7 (19... d3 $17 20. Qc1 Kf7) 20. exd4 $15 exd4 21. d3 c5 22. bxc6 Nxc6 23. Na3 Rhe8 (23... Bd5 $17) 24. Nb5 $11 Qd7 25. Qd2 Kg7 {Black keeps a firm grip on the game.} 26. Qf4 Rad8 27. Rac1 Bf7 28. Rxe8 Bxe8 29. h3 Bf7 30. Kh2 ({White should try} 30. Qg3) 30... g5 $17 31. Qd2 Qe7 32. Rb1 h4 33. Qb2 Bg6 34. Rd1 (34. Qd2 {was worth a try.}) 34... Bh5 $19 35. Re1 Qb4 36. Qa1 (36. Qc1 $142 Bxf3 37. gxf3 Qxa4 38. Nc7) 36... Bxf3 37. gxf3 Ne5 38. Rc1 $2 {[#]} (38. Rxe5 fxe5 39. Kg2) 38... Qd2 $1 39. Rc7+ {[#]} Kh6 $1 40. Qg1 Nxf3+ {[%mdl 64] Double Attack. Accuracy: White = 35%, Black = 65%.} 0-1

[Event "XVII Juros Svente 2020-A"]
[Site "Klaipeda"]
[Date "2020.07.25"]
[Round "6.3"]
[White "Pidluznij, Gleb"]
[Black "Greicius, Pijus"]
[Result "1-0"]
[WhiteElo "2042"]
[BlackElo "1893"]
[Annotator "TA"]
[PlyCount "105"]
[EventDate "2020.07.20"]
[EventType "tourn"]
[EventCountry "LTU"]
[SourceTitle "playchess.com"]
[Source "ChessBase"]
[SourceQuality "1"]

{[%evp 13,105,19,18,-12,-6,-6,0,-3,0,-20,54,46,53,52,47,35,32,15,14,14,20,0,0,0,29,4,12,0,0,-10,0,0,18,6,17,16,24,15,31,25,42,39,46,39,39,39,39,39,53,17,18,10,16,15,15,15,19,0,14,5,8,8,9,0,0,0,0,0,57,0,0,0,0,0,63,127,87,0,201,71,288,283,351,329,367,366,355,349,359,359,29973,29974,29992,29989]} 1. e4 e5 2. Nf3 Nc6 3. Bb5 a6 4. Bxc6 dxc6 5. O-O Bd6 6. d4 exd4 7. Qxd4 f6 $1 8. h3 {C68: Ruy Lopez: Exchange Variation, sidelines.} Ne7 9. Be3 Be6 10. Nbd2 {The position is equal.} Ng6 11. Nc4 {[#]} Bh2+ $146 (11... Bxc4 $11 12. Qxc4 Qe7) ({Predecessor:} 11... Bxc4 12. Qxc4 Qe7 13. Rfe1 O-O-O 14. Rad1 Rhe8 15. Bc1 c5 16. Qb3 h6 17. Kf1 Qd7 {½-½ (60) Mikhailov,V (2326)-Halkias,S (2581) St Petersburg 2012}) 12. Kxh2 $14 {Black must now prevent Qc3.} Qxd4 13. Nxd4 Bxc4 14. Rfe1 Ne7 15. Rad1 O-O-O 16. b3 Bf7 17. Ne2 b6 18. c4 Rhe8 19. Nc3 Kb7 20. Bf4 Ng6 21. Bg3 h5 {aiming for ...h4.} 22. f3 a5 (22... h4 $5 23. Bf2 $8 c5 $11) 23. Kg1 Kc8 24. Kf1 Ne5 25. Bxe5 fxe5 26. h4 g5 27. Rxd8+ Kxd8 28. hxg5 {[%mdl 4096] Endgame KRB-KRN} Rg8 29. g3 {Hoping for f4.} Rxg5 30. Kf2 Ke7 31. Nd1 Rg8 32. Ne3 a4 33. f4 axb3 34. axb3 Ra8 35. Rd1 Ra3 36. Rd3 h4 37. Nf5+ Kf6 38. Nxh4 {Threatens to win with Rd7.} Bxc4 39. Rd7 Rxb3 {next ...Bd3 is good for Black.} 40. Rxc7 Bb5 (40... Rb2+ $1 $11 41. Kf3 Rb3+ 42. Kf2 Rb2+ 43. Ke3 Rb3+ 44. Kf2) 41. Rd7 (41. Nf5 $14) 41... Rb2+ 42. Ke3 Rb3+ 43. Kd2 {And now Rd6+ would win.} Rxg3 (43... Ke6 $11 44. Rh7 Rd3+ 45. Kc1 Re3) 44. Rd6+ Kf7 45. fxe5 (45. f5 $1 $16) 45... c5 $2 (45... Rg4 $11 {and Black has nothing to worry.} 46. Nf3 Rg2+ 47. Ke3 Re2+ 48. Kf4 Rf2) 46. Rf6+ (46. e6+ $1 $18 Kf6 47. e7+ $1 {[%mdl 512]} Kf7 48. Nf5 Rg2+ 49. Ke3) 46... Ke8 $2 {[#] This move loses the game for Black.} (46... Kg8 $16) 47. Nf5 $1 $18 {[%cal Rf5g3]} ({Weaker is} 47. Rxb6 Rd3+ 48. Kc1 Ba4 $16) 47... Rb3 48. Rxb6 Ba4 49. Ra6 Rd3+ 50. Ke2 ({Not} 50. Kxd3 Bb5+ 51. Ke3 Bxa6 $16) 50... Bb5 51. Ra5 Rb3+ $2 {[#]} (51... Bc4 $18) 52. Rxb5 $1 {[%mdl 512]} Rd3 (52... Rxb5 53. Nd6+) 53. Rxc5 {Accuracy: White = 81%, Black = 70%.} 1-0

[Event "XVII Juros Svente 2020-A"]
[Site "Klaipeda"]
[Date "2020.07.25"]
[Round "6.4"]
[White "Vardanyan, Aras"]
[Black "Paulauskas, Andrius"]
[Result "1-0"]
[WhiteElo "2178"]
[BlackElo "1904"]
[Annotator "TA"]
[PlyCount "133"]
[EventDate "2020.07.20"]
[EventType "tourn"]
[EventCountry "LTU"]
[SourceTitle "playchess.com"]
[Source "ChessBase"]
[SourceQuality "1"]

{[%evp 14,133,34,27,22,0,0,12,39,4,45,32,44,39,82,91,99,66,135,136,242,235,244,239,238,234,322,327,336,241,287,275,330,116,109,46,32,47,41,44,58,59,68,63,66,62,63,72,66,39,40,44,64,50,67,31,39,16,45,27,23,0,0,0,0,0,166,79,249,251,250,250,281,195,274,269,299,315,462,452,480,477,948,950,945,933,29977,29979,29979,29980,29980,29981,29981,29982,29988,29983,29988,29985,29996,29985,29988,29989,29990,29987,29987,29988,29988,29988,29988,29989,29992,29992,29992,29993,29993,29994,29994,29995,29996,29997,29998,29999]} 1. Nf3 Nf6 2. c4 g6 3. g3 Bg7 4. Bg2 d6 5. O-O O-O 6. Nc3 e5 7. d3 h6 8. Rb1 Re8 {A24: English Opening vs King's Indian: Lines without ...Nc6.} 9. Ne1 c6 10. e4 Be6 {The position is equal.} 11. f4 Qd7 {[#]} 12. Qf3 $146 {[#] aiming for f5.} ({Predecessor:} 12. Nc2 Na6 13. Ne3 exf4 14. gxf4 Bh3 15. f5 Bxg2 16. Kxg2 Rad8 17. Ng4 Nxg4 18. Qxg4 {½-½ (70) Valiente,C (2257)-Garcia,R (2338) Paraguay 2012}) 12... Bg4 13. Qf2 {Hoping for f5.} Bh3 14. f5 Bxg2 15. Nxg2 gxf5 (15... g5 $14) 16. Nh4 $16 (16. exf5 $6 d5 $11) 16... Nh7 (16... fxe4 $16 17. Nf5 (17. dxe4 Qe6 $16) 17... Re6) 17. Nxf5 $18 Re6 18. Be3 (18. Nxg7 $6 Kxg7 19. Nd1 Rf6) 18... Na6 {[%cal Bb8a6,Ba6c7,Bc7e6,Be6d4][%mdl 32]} 19. Qd2 ({Don't do} 19. Nxg7 $6 Kxg7 20. Qf5 Qe7) 19... Nc7 20. Bxh6 Bf8 21. Rf3 Rf6 22. Rbf1 Ne6 23. h4 $2 (23. Be3 $18 {has better winning chances.}) 23... Nd4 $16 24. R3f2 ({White should play} 24. Be3 $16 Nxf3+ 25. Rxf3) 24... Nxf5 $14 25. Bxf8 Nxg3 26. Rxf6 Nxf1 27. Qg2+ Kxf8 28. Rxf1 Qe6 29. Nd1 Ke7 30. Ne3 {h5 is the strong threat.} Qg6 31. Nf5+ Ke6 32. h5 Qxg2+ 33. Kxg2 {[%mdl 4096] Endgame KRN-KRN} Rg8+ 34. Kh3 Rg5 35. Ng3 f6 36. Kh4 Rg8 37. Rf2 d5 38. cxd5+ cxd5 39. Rc2 Rg7 $2 (39... Ng5 $11) 40. h6 (40. Nf5 $18 Rd7 41. h6) 40... Rd7 $2 {Loses the game.} (40... Rg6 $16) 41. Kh5 $18 dxe4 42. dxe4 ({Resist} 42. Nxe4 $6 b6 $16) 42... Kf7 43. Rc8 Nf8 (43... f5 {was worth a try.}) 44. Nf5 a5 45. a4 b6 (45... Kg8 {keeps fighting.} 46. Rb8 Rc7) 46. Rb8 Rd2 47. Rb7+ Kg8 (47... Ke8 $142 48. Ng7+ Kd8) 48. Ne7+ Kh8 {[#]} 49. Rb8 $1 {[%mdl 512]} Kh7 50. Rxf8 {KRN-KR. White mates.} Rh2+ 51. Kg4 Rg2+ 52. Kf5 Rf2+ 53. Ke6 Rxb2 54. Rxf6 Ra2 55. Kxe5 Rxa4 56. Rxb6 Ra1 57. Nf5 a4 58. Kf6 a3 59. Ra6 a2 60. Ra7+ Kh8 61. e5 Kg8 62. e6 Kh8 63. e7 {[%cal Re7e8]} Re1 64. Rxa2 Kh7 65. Ra3 Rg1 66. e8=Q Rg5 67. Ra7+ {Accuracy: White = 74%, Black = 49%.} 1-0

[Event "XVII Juros Svente 2020-A"]
[Site "Klaipeda"]
[Date "2020.07.25"]
[Round "6.5"]
[White "Savicevs, Arsenijs"]
[Black "Jablokov, Dmitrij"]
[Result "1/2-1/2"]
[WhiteElo "1578"]
[BlackElo "1962"]
[Annotator "TA"]
[PlyCount "71"]
[EventDate "2020.07.20"]
[EventType "tourn"]
[EventCountry "LTU"]
[SourceTitle "playchess.com"]
[Source "ChessBase"]
[SourceQuality "1"]

{[%evp 13,71,10,16,0,0,-7,4,-2,-13,-19,2,0,25,26,25,-4,0,-1,0,0,0,-16,-14,-13,-16,-58,-22,-29,-6,-6,-6,-6,0,0,0,0,0,0,6,0,0,0,0,0,0,0,0,0,0,0,0,0,0,0,0,0,0,0,0,0]} 1. e4 e6 2. d4 d5 3. exd5 exd5 4. Bd3 Nf6 5. Nf3 Bd6 6. O-O O-O 7. h3 c6 8. c3 {C01: French: Exchange Variation.} Re8 9. Bg5 h6 10. Bxf6 Qxf6 11. Nbd2 {[#]} Be6 $146 ({Predecessor:} 11... Bf5 12. Qc2 Bxd3 13. Qxd3 Nd7 14. Rfe1 Nf8 15. g3 Re6 16. Kg2 Rae8 17. Re3 Rxe3 18. fxe3 {0-1 (30) Nguyen,T-Do,D Vung Tau 2004}) 12. Qb3 Qe7 13. Rfe1 Qc7 14. Re2 Nd7 15. Rae1 Nf6 16. Ne5 Re7 17. Ndf3 Rae8 18. Qc2 Bc8 19. b3 a6 20. c4 c5 {With the idea ...cxd4.} (20... dxc4 {looks sharper.} 21. Nxc4 Bb4 22. Rxe7 Bxe7 23. Bf5 Bxf5 24. Qxf5 Nd5) 21. cxd5 {The position is equal.} cxd4 22. Nc4 {[#] Black must now prevent Rxe7.} Nxd5 23. Nxd6 Qxd6 ({Not} 23... Qxc2 $2 24. Rxe7 Rxe7 25. Bxc2 $18) 24. Rxe7 Nxe7 25. Nxd4 Bd7 (25... Rd8 {with more complications.} 26. Nf3 Qxd3 27. Qxd3 Rxd3 28. Rxe7 Rc3) 26. Nf5 Nxf5 27. Rxe8+ Bxe8 28. Bxf5 Bc6 29. Be4 Bxe4 30. Qxe4 $11 {[%mdl 4096] Endgame KQ-KQ} Qd7 31. Kh2 Qc7+ 32. Kg1 g6 33. Qe8+ Kg7 34. Qe4 Qc1+ 35. Kh2 Qc7+ 36. Kg1 {Accuracy: White = 92%, Black = 91%.} 1/2-1/2

[Event "XVII Juros Svente 2020-A"]
[Site "Klaipeda"]
[Date "2020.07.25"]
[Round "6.6"]
[White "Golsta, Madara"]
[Black "Barsciauskas, Gintautas"]
[Result "1-0"]
[WhiteElo "1903"]
[BlackElo "1575"]
[Annotator "TA"]
[PlyCount "63"]
[EventDate "2020.07.20"]
[EventType "tourn"]
[EventCountry "LTU"]
[SourceTitle "playchess.com"]
[Source "ChessBase"]
[SourceQuality "1"]

{[%evp 14,63,54,35,77,68,95,0,71,85,76,63,57,56,87,91,143,130,147,137,229,189,204,167,209,211,438,438,441,424,605,622,728,740,725,659,991,936,946,916,1268,933,1581,1548,2326,2256,1855,1678,29991,29992,29996,29997]} 1. e4 c5 2. Nf3 d6 3. d4 cxd4 4. Nxd4 Nf6 5. Nc3 e5 6. Ndb5 a6 7. Na3 Nc6 8. Bg5 {8.Nc4 is not played anymore.} h6 {B33: Sicilian: Pelikan and Sveshnikov Variations.} 9. Bxf6 $1 gxf6 10. Qh5 {[#]} (10. Nc4 $16) 10... b5 $146 (10... d5 $1 $11) ({Predecessor:} 10... Be6 11. Nc4 b5 12. Ne3 Rc8 13. a3 Nd4 14. Bd3 Be7 15. O-O Bc4 16. Bxc4 bxc4 17. Ncd5 Rc5 18. c3 Ne6 19. g3 Nc7 20. Nxe7 Qxe7 21. Rad1 Qe6 22. Nf5 d5 23. Ng7+ {1-0 (23) Hawranke,D (2040)-Erdmann,R (1716) Pinneberg 2016}) 11. Nd5 $16 Be6 12. c3 f5 13. Bd3 f4 {White leaves nothing to chance now.} 14. g3 fxg3 (14... Rg8 $142) 15. hxg3 ({Don't play} 15. fxg3 Bg7 $14) 15... Ra7 16. Nc2 Rg8 (16... Bg7 $16 17. Qf3 Rb7) 17. Qf3 {[#] Nf6+ is the strong threat.} Rg6 18. Nce3 Bg7 19. Nf5 Bxf5 $2 (19... Kf8 {was necessary.} 20. b4 Qd7) 20. exf5 $18 Rg5 21. Be4 Na5 (21... b4 $142 22. f6 Bf8) 22. Qe3 Qb8 23. f4 Nc4 24. Qf3 exf4 25. gxf4 Ne5 26. fxe5 dxe5 27. Nb4 Qb6 28. O-O-O f6 29. Bc6+ Kf8 30. Qd5 {[#] Qe6 would kill now.} Qc7 31. Qe6 {[%csl Gc6][%cal Re6e8]} Qe7 32. Qc8+ {[%mdl 64] Double Attack. Accuracy: White = 91%, Black = 23%.} 1-0

[Event "XVII Juros Svente 2020-A"]
[Site "Klaipeda"]
[Date "2020.07.25"]
[Round "6.7"]
[White "Kaunas, Kestutis"]
[Black "Viliusis, Neimantas"]
[Result "1-0"]
[WhiteElo "2178"]
[BlackElo "1461"]
[Annotator "TA"]
[PlyCount "87"]
[EventDate "2020.07.20"]
[EventType "tourn"]
[EventCountry "LTU"]
[SourceTitle "playchess.com"]
[Source "ChessBase"]
[SourceQuality "1"]

{[%evp 17,87,38,47,33,67,64,71,53,75,41,74,72,97,97,97,95,91,90,104,66,73,36,117,123,235,235,235,235,235,235,235,237,288,273,363,345,390,384,445,431,612,608,696,737,706,690,767,737,697,596,787,765,650,635,730,627,620,612,742,590,5377,1038,5185,5185,2208,2095,2164,2068,1819,1821,1413,1125]} 1. d4 Nf6 2. c4 g6 3. Nc3 Bg7 4. e4 d6 5. Nf3 O-O 6. Be2 e5 7. Be3 Nbd7 8. O-O exd4 9. Nxd4 Nc5 10. f3 {E94: King's Indian: Classical: 6 Be2 e5 7 0-0: Various Black 7th moves.} Bd7 11. Qd2 Ne6 12. Nc2 {[#] White is better.} Qe7 $146 ({Predecessor:} 12... a6 13. Rad1 b5 14. c5 Ne8 15. b4 dxc5 16. bxc5 c6 17. Nb1 Ra7 18. Kh1 Qe7 {1-0 (32) Hassenrueck,H (2194)-Gehrmann,R (2076) Templin 2018}) 13. Rac1 Rfd8 14. Nd5 Nxd5 15. cxd5 Nc5 16. b4 Na4 17. Nd4 $36 {[%mdl 2048] White is on the roll.} Rac8 18. Bd1 Nb6 19. Bb3 Rf8 {White stays focused until the end.} (19... c6 $14) 20. b5 $16 f5 (20... Bxd4 $16 21. Qxd4 (21. Bxd4 Bxb5 22. Rfe1 Rfe8 $14) 21... Bxb5) 21. exf5 $18 Bxf5 22. Rfe1 Qf6 23. Ne6 Bxe6 24. dxe6 Qe7 25. a4 {[%cal Ba2a4,Ba4a5][%mdl 32]} Rce8 26. a5 Nc8 27. Qc2 Rf5 28. Qxc7 {[#] Strongly threatening Qd7.White is clearly winning.} Qxc7 (28... Rc5 $142 29. Qd7 h6 30. Bxc5 dxc5) 29. Rxc7 d5 30. g4 Rxf3 31. Kg2 Rff8 32. Bc5 Rf4 33. Kg3 Re4 34. Rxe4 dxe4 35. e7+ Kh8 {[#]} 36. Rxc8 $1 {[%mdl 576] Promotion} Rxc8 {[%mdl 4096] Endgame KRB-KB} 37. Bf7 Be5+ 38. Kf2 Rxc5 39. e8=Q+ Kg7 40. Bb3 Bd4+ 41. Ke2 Rc3 42. Qf7+ Kh6 43. Qf4+ Kg7 44. Qxe4 {Accuracy: White = 88%, Black = 44%.} 1-0